000 00961cam a2200301 i 4500
001 21976
003 BD-RjUL
005 20211209000743.0
008 140306s1961 nyu 000 1 eng d
035 _a(BD-RjUL)22041
040 _aDLC
_cDLC
_dDLC
_dBD-RjUL
_beng
041 _aeng
082 0 0 _a823
_bSIT 1961
100 1 _a Singh, Khushwant
_d1915-
_967865
245 1 0 _aTrain to Pakistan /
_cby Khushwant Singh.
260 _aNew York :
_bGrove Press,
_c1961.
300 _a181 p. ;
_c18 cm.
500 _aReprint of the Black cat ed. published by Grove Press, New York.
650 0 _aPolitical violence
_xFiction.
_967866
651 0 _aIndia
_xHistory
_yPartition, 1947
_xFiction.
_967867
651 0 _aPakistan
_xFiction.
_967868
651 0 _aIndia
_xFiction.
_956323
655 7 _aHistorical fiction.
_2gsafd
_967874
655 7 _aPolitical fiction.
_2lcsh
_967875
942 _2ddc
_cBK
999 _c21976
_d21976